000 01197nam a22003497a 4500
003 CHAP
005 20220329141024.0
008 971013s1996 r 00010 d
010 _a61418
011 _a62390
035 _a66564
040 _cCHAP
090 _aTesis
100 0 0 _aSalinas Meléndez, Armando.
_9101678
245 _aEvaluación de la composición y rendimiento de la canal en ovinos Criollos y Suffolk
260 _aChapingo, Méx. :
_bEl autor,
_c1996
300 _a64 h.
502 _aTesis (Ing. Agr. Esp. en Zootecnia) -- UACH. Departamento de Zootecnia
590 _aALEPH
_b10
_c20130110
_lUCH01
_h1342
590 _aBATCH-UPD
_b10
_c20130110
_lUCH01
_h0635
590 _aBATCH-UPD
_b10
_c20130110
_lUCH01
_h2315
590 _aBATCH-UPD
_b10
_c20130410
_lUCH01
_h0318
590 _aBATCH-UPD
_b10
_c20130914
_lUCH01
_h0849
590 _aCONVERSION
_b10
_c20130109
_lUCH01
_h1333
650 1 4 _aCarne de borrego en canal.
_919123
650 1 4 _aCarne de borrego
_xProducción.
_919122
650 1 4 _aGanado Suffolk.
_945424
901 _aBK
942 _cFOLL
949 _bBC
_cTES
_d-151781
_eTS1
_h29674
_i66564
_si
949 _bBC
_cTES
_d33724000623062
_eTS2
_fc.2
_h29675
_i66564
_si
999 _c61418
_d61418